000 00384nam a22001577a 4500
005 20160430115612.0
008 160430b xxu||||| |||| 00| 0 eng d
041 _aeng
082 _b1054
100 _aPunjab Technical University
_9331
245 _aOrganizational Behaviour MBA 102
260 _aNew Delhi
_bExcel Books,
300 _a213
650 _aManagement
_9241
942 _cBK
999 _c384
_d384